00524nam a2200193 a 4500001001300000003000900013005001700022008004100039020002300080082001600103100001900119245005200138260003800190300000900228500003500237505002300272650001600295700001900311nice12345678IN_TiNIC20260116014526.0100924s2009 dela grp 000 0 eng  a9788184551877c65000a305.8bDEV1 aDevi, K Ranjna aSocial Workb Philosophy, Concepts & Dimensions aDelhi bOmega Publications c2009 a270p aincludes index and biblioraphy2 aBibliography,Index aSocial Work1 aDevi, K Ranjna